LEADER 01686oam 2200433 450 001 9910707781103321 005 20161028141615.0 035 $a(CKB)5470000002466734 035 $a(OCoLC)961356526 035 $a(EXLCZ)995470000002466734 100 $a20161028d1973 ua 0 101 0 $aeng 135 $aurbn||||||||| 181 $ctxt$2rdacontent 182 $cc$2rdamedia 183 $acr$2rdacarrier 200 14$aThe Auld Lang Syne Group, of Late Triassic and Jurassic (?) age, north-central Nevada /$fby D.B. Burke and N.J. Silberling 210 1$a[Washington, D.C.] :$cUnited States Department of the Interior, Geological Survey,$d1973. 210 2$aWashington :$cUnited States Government Printing Office. 215 $a1 online resource (iii, 14 pages) $cillustrations 225 1 $aGeological Survey bulletin 1394-E 225 1 $aContributions to stratigraphy 300 $a"Defines stratigraphic nomenclature for a thick sequence of lower Mesozoic rocks in north-central Nevada." 320 $aIncludes bibliographical references (page 14). 517 $aAuld Lang Syne Group, of Late Triassic and Jurassic 606 $aGeology, Stratigraphic$yJurassic$vNomenclature 606 $aGeology$zNevada$vNomenclature 615 0$aGeology, Stratigraphic 615 0$aGeology 700 $aBurke$b D. B.$01389467 702 $aSilberling$b N. J$g(Norman John),$f1928-2011, 712 02$aGeological Survey (U.S.), 801 0$bGPO 801 1$bGPO 801 2$bGPO 906 $aBOOK 912 $a9910707781103321 996 $aThe Auld Lang Syne Group, of Late Triassic and Jurassic (?) age, north-central Nevada$93479554 997 $aUNINA LEADER 01490nam0 22003253i 450 001 VAN0240923 005 20220706103944.243 017 70$2N$a9789811610226 100 $a20220221d2021 |0itac50 ba 101 $aeng 102 $aSG 105 $a|||| ||||| 200 1 $aMineral Micro-Geochemistry Constraints on Petrogenesis and Genesis of Gold Deposit$fYayun Liang 210 $aSingapore$cSpringer$d2021 215 $aVIII, 203 p.$cill.$d24 cm 620 $aSG$dSingapore$3VANL000061 676 $a551.9$cGeochimica$v22 676 $a550$cScienze della terra e geologia - Geofisica$v22 676 $a551$cGeologia, idrogeologia, meteorologia$v22 676 $a549$cMineralogia$v22 700 1$aLiang$bYayun$3VANV197283$0853705 712 $aSpringer $3VANV108073$4650 801 $aIT$bSOL$c20240614$gRICA 856 4 $uhttps://link.springer.com/book/10.1007/978-981-16-1022-6$zE-book - Accesso al full-text attraverso riconoscimento IP di Ateneo, proxy e/o Shibboleth 899 $aBIBLIOTECA DEL DIPARTIMENTO DI SCIENZE E TECNOLOGIE AMBIENTALI BIOLOGICHE E FARMACEUTICHE$1IT-CE0101$2VAN17 912 $fN 912 $aVAN0240923 950 $aBIBLIOTECA DEL DIPARTIMENTO DI SCIENZE E TECNOLOGIE AMBIENTALI BIOLOGICHE E FARMACEUTICHE$d17CONS e-book 2224 $e17BIB2224/237 237 20220221 996 $aMineral micro-geochemistry constraints on petrogenesis and genesis of gold deposit$91906139 997 $aUNICAMPANIA